000 00302nam a22001337a 4500
008 171030b xxu||||| |||| 00| 0 eng d
020 _a084767486
041 _aeng
080 _a336
100 _a56
101 _aFIN
245 _aTHEORY VALUATION FINANCIAL THEORY
_cGEORGE.M.C
942 _2udc
_cBK
999 _c36349
_d36349